000 00348nam a2200133Ia 4500
008 240624s9999 xx 000 0 und d
041 _aeng
082 _a613.7046 GEO
100 _aGOEL ARUNA
245 _aYOGA EDUCATION PHILOSOPHY AND PRACTICE
260 _c2007
_aNew Delhi
_bDeep & Deep
300 _axiv, : 329 : p. : cm. ; 24
365 _cRS
_b20
999 _c6929
_d6929